| 000 | 00707nam a2200229 i 4500 | ||
|---|---|---|---|
| 001 | 115101 | ||
| 003 | ES-MaACL | ||
| 005 | 20250707062606.0 | ||
| 007 | t| | ||
| 008 | 070221s1910 sp ||||1| spa d | ||
| 080 | _a821.134.2-32"18" | ||
| 100 | 1 |
_aMiranda, Carlos. _981516 |
|
| 245 | 1 | 0 |
_aMi niña / _cpor Carlos Miranda ; ilustraciones de Montagud. |
| 260 |
_aMadrid : _bEl Cuento Semanal, _c1910. |
||
| 300 |
_a20 p. : _bil. col. y n. ; _c26 cm. |
||
| 490 | 1 |
_aEl cuento semanal ; _v164 |
|
| 500 | _aTodas las páginas deterioradas. Original y fotocopia. | ||
| 700 | 1 |
_aMontagud. _9171889 |
|
| 830 | 0 | 3 |
_aEl cuento semanal _v164 _9185957 |
| 852 |
_aES-MaACL _jG-4445(7) |
||
| 999 |
_c115101 _d115101 |
||